Normal view MARC view

Entry Personal Name

Number of records used in: 1

001 - CONTROL NUMBER

  • control field: 847609

003 - CONTROL NUMBER IDENTIFIER

  • control field: OSt

005 - DATE AND TIME OF LATEST TRANSACTION

  • control field: 20251006145142.0

008 - FIXED-LENGTH DATA ELEMENTS

  • fixed length control field: 251006|| aca||aabn | a|a d

040 ## - CATALOGING SOURCE

  • Original cataloging agency: OSt
  • Transcribing agency: OSt

100 ## - HEADING--PERSONAL NAME

  • Personal name: ਕੌਰ, ਗਗਨਦੀਪ / Kaur, Gagandeep

670 ## - SOURCE DATA FOUND

  • Source citation: Work cat.: (OSt)1464595: ਕੌਰ, ਗਗਨਦੀਪ / Kaur, Gagandeep, ਕੇਵਲ ਧਾਲੀਵਾਲ ਦੇ ਨਾਟ-ਰੂਪਾਂਤਰਾਂ ਦਾ ਨਿਕਟ-ਅਧੀਏਨ / Kewal Dhaliwal de Naat-Rupantran d Nikat- Adhyan, 2024
Copyright @ Delhi University Library System